|
|
|
|
| LEADER |
01048ncm a22002772a 4500 |
| 001 |
001132226 |
| 003 |
CZ BrMZK |
| 005 |
20120424141026.0 |
| 007 |
qu |
| 008 |
090429s1947 xr |||||r|||||||| cze d |
| 040 |
|
|
|a ABA001
|b cze
|
| 072 |
|
7 |
|a 784
|x Vokální hudba
|2 Konspekt
|9 9
|
| 100 |
1 |
|
|a Zvonař, Josef Leopold,
|d 1824-1865
|7 jk01152904
|4 cmp
|
| 245 |
1 |
0 |
|a Čechy krásné, Čechy mé!
|h [hudebnina] :
|b zpěv s klavírem /
|c Josef Leop. Zvonař. Zasviť mi, ty slunko zlaté! / Alois Jelen ; harmonisace Pavel Zíta
|
| 260 |
|
|
|a Praha :
|b Chadím,
|c [1947?]
|
| 300 |
|
|
|a 5 s. ;
|c 4°
|
| 490 |
1 |
|
|a Chadímova lidová sbírka ;
|v 300
|
| 500 |
|
|
|a Přetisk vyd. z roku 1939
|
| 700 |
1 |
|
|a Zíta, Pavel
|7 mzk2010605111
|4 arr
|
| 700 |
1 |
|
|a Jelen, Alois,
|d 1801-1857
|7 xx0000699
|4 cmp
|
| 740 |
0 |
2 |
|a Zasviť mi, ty slunko zlaté!
|
| 830 |
|
0 |
|a Chadímova lidová sbírka
|
| 910 |
|
|
|a BOA001
|b Mus5-0158.858-47,300
|
| 990 |
|
|
|a MU
|
| 991 |
|
|
|b 201012
|
| 996 |
6 |
|
|b 2619282508
|c Mus5-0158.858-47,300
|l MZK
|r Sklad / do 1 hodiny
|n 1
|w 001161598
|u 000010
|a 1
|e BOA001
|j MZK50
|s P
|